| 000 | 00761nam a2200181 a 4500 | ||
|---|---|---|---|
| 008 | 120416s1980 ||||||||||||||||| || u | ||
| 050 | _aKF 6369.3 Wit | ||
| 100 | _aWittenbach, James L | ||
| 245 | 1 | 0 | _aProgrammed learning aid for federal income tax |
| 250 | _a3rd ed. | ||
| 260 |
_aHomewood, Ill _bLearning Systems _c1980 |
||
| 300 | _axiii, 218p. : ill. | ||
| 350 | _a0.00 | ||
| 650 | _aFEDERAL INCOME TAX--LAW AND LEGISLATION | ||
| 650 | _aLAW | ||
| 995 |
_aMAIN LIBRARY OPEN ACCESS _D0.00 _e704421 _FCBU-MAIN LIBRARY (Kitwe) _H1 _I0.00 _jKF 6369.3 Wit _M1 _ULOST _y009585 _ZMain Library Open Access Collection |
||
| 995 |
_aBINDERY (DAMAGED) _D0.00 _e704420 _FCBU-MAIN LIBRARY (Kitwe) _H2 _I0.00 _jKF 6369.3 Wit _M2 _UDAMAGED _y009586 _ZMain Library Open Access Collection |
||
| 999 |
_c77263 _d77263 |
||